000 00584nam a2200229Ia 4500
008 180628s9999 xx 000 0 und d
020 _a978-971-23-7904-8
050 _aFIL G 155.A1
050 _b.C78T687 2016
100 _aCruz, Reil G.
245 0 _aTourism impacts and sustainability /
245 0 _cReil G. Cruz.
260 _aManila :
260 _bRex Bookstore,
260 _c2016
300 _a221 pages :
300 _billustrations ;
300 _c25 cm.
500 _aIncludes index.
650 _aTourism -- Management.
650 _xSustainable tourism.
999 _c358119
_d358119